000 02133nam a2200529 i 4500
001 15400
003 KOSZ 005
005 20200414115935.0
008 200414s1973 pl a f 100 0 pol
015 _aUWD 1973/4504
035 _a991034238989705066
035 _a(PL-WaBN)b19159535-48omnis_nlop
035 _ab19159535
035 _a(OCoLC)839069017
035 _a(PL)b0000001915953
035 _a(EXLNZ-48OMNIS_NETWORK)9910128355705606
040 _aWA N
_cWA N
_dKOSZ 005/RW
046 _k1973
080 _a621.7
080 _a656
245 0 0 _aTransport i mechanizacja procesów produkcyjnych :
_bmateriały z konferencji naukowej: Prognozowanie i planowanie rozwoju nauki i techniki, Wrocław 4-6 luty 1971 /
_c[redakcja naukowa Henryk Kędzior].
260 _aWrocław :
_bWydawnictwo Politechniki Wrocławskiej,
_c1973.
300 _a168 stron, [3] karty tablic :
_bilustracje;
_c24 cm.
336 _aTekst
_btxt
_2rdacontent
337 _aBez urządzenia pośredniczącego
_bn
_2rdamedia
338 _aWolumin
_bnc
_2rdacarrier
380 _aKsiążki
380 _aPublikacje naukowe
388 _a1901-2000
490 1 _aPrace Naukowe Instytutu Konstrukcji i Eksploatacji Maszyn Politechniki Wrocławskiej. Konferencje,
_x0324-9646 ;
_vnr 1
500 _aNumer serii głównej 20
504 _aBibliografia przy referatach.
650 7 _aTechnologia
_2DBN
650 7 _aMechanizacja
650 7 _aTransport
_2DBN
650 7 _aPrognozy
651 7 _aPolska
655 7 _aMateriały konferencyjne
_2DBN
658 _aTransport i logistyka
658 _aInżynieria i technika
710 2 _aOficyna Wydawnicza Politechniki Wrocławskiej
_4pbl
830 0 _aPrace Naukowe Instytutu Konstrukcji i Eksploatacji Maszyn Politechniki Wrocławskiej
_v20
830 0 _aPrace Naukowe Instytutu Konstrukcji i Eksploatacji Maszyn Politechniki Wrocławskiej.
_pKonferencje
_v1
856 _uhttp://koha.tu.koszalin.pl/cgi-bin/koha/opac-detail.pl?biblionumber=15400
_yKatalog online BPK
942 _2UKD
_cKS
999 _c15400
_d15400